| 000 | 00944cgm a2200265 4500 | ||
|---|---|---|---|
| 001 | B3167 | ||
| 008 | 090401t1984 xxu||||| |||| 00| 0 eng d | ||
| 035 | _a(Sirsi) u54444 | ||
| 041 | _aeng | ||
| 050 |
_a690.2 _c18 |
||
| 100 | _aMelville, Ian | ||
| 245 |
_aStructural surveys _b[sound recording] |
||
| 260 |
_aLondon _bRICS _c1984 |
||
| 300 | _a1 sound cassette (ca. 60 min.) | ||
| 350 | _a10 | ||
| 490 | _aOwlion Audio Programme | ||
| 520 | _aFor those engaged in conducting surveys of residential property, this tape gives a solid foundation in all aspects of the task. It is a useful guide and checklist for both practitioners and students. | ||
| 650 | _aBUILT ENVIRONMENT-BUILDING SURVEYING-STRUCTURAL SURVEYING | ||
| 650 | _aSTRUCTURAL SURVEYS | ||
| 690 | _aBUILT ENVIRONMENT | ||
| 710 |
_aCollege of Estate Management _9400 |
||
| 710 |
_aRoyal Institution of Chartered Surveyors _94900 |
||
| 942 | _n0 | ||
| 948 | _c04/03/1997 | ||
| 999 |
_c85284 _d85284 |
||